Movies Quiz

Random Movies or Oscar Quiz

Oscar Best Director Quiz Stats

 Plays Quiz Updated Feb 25, 2021

     
Support Sporcle.
Go Orange.
Score 0/94 Timer 12:00
5 Plays Today
Year Director % Correct
1993Steven Spielberg
94.6%
1998Steven Spielberg
94.6%
1992Clint Eastwood
92%
2004Clint Eastwood
92%
1997James Cameron
87.8%
2003Peter Jackson
87.7%
2006Martin Scorsese
87.1%
2012Ang Lee
86%
1995Mel Gibson
84%
2005Ang Lee
83%
1974Francis Ford Coppola
81.9%
2007Joel Coen and Ethan Coen
80.6%
1977Woody Allen
79.6%
1990Kevin Costner
79%
2017Guillermo del Toro
77.4%
1986Oliver Stone
77%
1989Oliver Stone
77%
2018Alfonso Cuarón
74.6%
2001Ron Howard
73.4%
2019Bong Joon-Ho
71.3%
2020Chloé Zhao
69.7%
2013Alfonso Cuarón
69.6%
2015Alejandro González Iñárritu
69.5%
2002Roman Polanski
69.1%
2014Alejandro González Iñárritu
68.7%
1994Robert Zemeckis
68.3%
2008Danny Boyle
67.6%
1980Robert Redford
66.1%
1999Sam Mendes
64.7%
1935John Ford
63.8%
1940John Ford
63.8%
1941John Ford
63.8%
Year Director % Correct
1952John Ford
63.8%
2016Damien Chazelle
63.6%
2009Kathryn Bigelow
60.4%
2000Steven Soderbergh
60.2%
1991Jonathan Demme
59.3%
1981Warren Beatty
59.1%
1975Miloš Forman
59%
1984Miloš Forman
59%
1945Billy Wilder
57.9%
1960Billy Wilder
57.9%
1934Frank Capra
57.7%
1936Frank Capra
57.7%
1938Frank Capra
57.7%
1957David Lean
56%
1962David Lean
56%
1982Richard Attenborough
55%
1947Elia Kazan
54.5%
1954Elia Kazan
54.5%
1967Mike Nichols
52.9%
1948John Huston
52.4%
1985Sydney Pollack
48.6%
1942William Wyler
47.8%
1946William Wyler
47.8%
1959William Wyler
47.8%
1978Michael Cimino
47.8%
1996Anthony Minghella
47.2%
1972Bob Fosse
46%
1987Bernardo Bertolucci
45.3%
1988Barry Levinson
44.2%
1983James L. Brooks
43.4%
2011Michel Hazanavicius
43.3%
1961Robert Wise and Jerome Robbins
42.3%
Year Director % Correct
2010Tom Hooper
41.1%
1965Robert Wise
40.7%
1939Victor Fleming
40.1%
1943Michael Curtiz
40%
1971William Friedkin
39.9%
1973George Roy Hill
38.4%
1951George Stevens
37.6%
1956George Stevens
37.6%
1958Vincente Minnelli
37.3%
1949Joseph L. Mankiewicz
36.9%
1950Joseph L. Mankiewicz
36.9%
1976John G. Avildsen
36.7%
1969John Schlesinger
35%
1964George Cukor
34.9%
1968Carol Reed
34.5%
1953Fred Zinnemann
32.2%
1966Fred Zinnemann
32.2%
1979Robert Benton
29.7%
1927-1928Lewis Milestone
29.7%
1929-1930Lewis Milestone
29.7%
1937Leo McCarey
27.5%
1944Leo McCarey
27.5%
1928-1929Frank Lloyd
27.3%
1932-1933Frank Lloyd
27.3%
1927-1928Frank Borzage
26.9%
1931-1932Frank Borzage
26.9%
1970Franklin J. Schaffner
26.7%
1955Delbert Mann
26.6%
1963Tony Richardson
26%
1930-1931Norman Taurog
22.3%

From the Vault

Awkward Star Wars Moments

by cervyx

Movies 5m
Even in a galaxy far, far away, things can get a little...well, you know.
Remove Ads.
Support Sporcle.
Get the best of Sporcle when you Go Orange. This ad-free experience offers more features, more stats, and more fun while also helping to support Sporcle. Thank you for becoming a member.

Show Comments

Extras

Top Quizzes Today


Score Distribution

Your Account Isn't Verified!

In order to create a playlist on Sporcle, you need to verify the email address you used during registration. Go to your Sporcle Settings to finish the process.

Report this User

Report this user for behavior that violates our Community Guidelines.

Details: